Contemporary Japanese film /

Bibliographic Details
Main Author: Schilling, Mark, 1949-
Format: Book
Language:English
Published: New York : Weatherhill, 1999.
Edition:First edition.
Subjects:
Classic Catalogue: View this record in Classic Catalogue
LEADER 01641nam a2200361 a 4500
001 45749
003 BD-DhAAL
005 20260512120409.0
008 260512t1999 nyu 001 0 eng
010 |a  99052092  
020 |a 0834804158 
020 |a 9780834804159 
035 |a 11804812 
040 |a DLC  |c DLC  |d DLC  |d BD-DhAAL 
050 0 0 |a PN1993.5.J3  |b S37 1999 
082 0 0 |a 791.430952  |2 21 
100 1 |a Schilling, Mark,  |d 1949-  |9 60658 
245 1 0 |a Contemporary Japanese film /  |c by Mark Schilling. 
250 |a First edition. 
260 |a New York :  |b Weatherhill,  |c 1999. 
300 |a 399 pages ;  |c 23 cm 
500 |a Includes index. 
526 8 |a AAL 
541 1 |a Donated by Embassy of Japan in Bangladesh, Read Japan Project 2025, The Tokyo Foundation, supported by The Nippon Foundation.  |e 45749 
650 0 |a Motion pictures  |z Japan  |v Reviews.  |9 60659 
650 0 |a Motion picture producers and directors  |z Japan  |v Interviews.  |9 60660 
650 0 |a Motion picture producers and directors  |z Japan  |v Biography.  |9 60661 
655 7 |a Reviews.  |2 lcgft  |9 60662 
655 7 |a Biographies.  |2 lcgft 
852 1 |a Ayesha Abed Library  |c General Stacks 
942 |2 ddc  |c BK 
999 |c 47928  |d 47928 
952 |0 0  |1 0  |2 ddc  |4 0  |6 791_430952000000000_SCH  |7 0  |9 79185  |a BRACUL  |b BRACUL  |d 2026-05-12  |e Donated by Embassy of Japan in Bangladesh, Read Japan Project 2025, The Tokyo Foundation, supported by The Nippon Foundation.  |l 0  |o 791.430952 SCH  |p 3010045749  |r 2026-05-12  |t 1  |w 2026-05-12  |y BK  |x Donated copy received from Embassy of Japan in Bangladesh, Read Japan Project 2025, The Tokyo Foundation, supported by The Nippon Foundation on 08 April 2026; $37.00